Škody protiprávneho konania strán v spore o SVD G-N
Právny spor o plnenie Zmluvy o výstavbe a prevádzke Sústavy vodných diel Gabčíkovo-Nagymaros (SVD G-N) bol vyriešený rozsudkom Medzinárodného súdneho dvora v Haagu v r. 1997. Výsledky rozsudku: legálnosť výstavby a prevádzky Variantu C, povinnosť vzájomnej náhrady škôd.
Enregistré dans:
| Auteur principal: | |
|---|---|
| Format: | Chapitre de livre |
| Langue: | slovaque |
| Sujets: | |
| Tags: |
Pas de tags, Soyez le premier à ajouter un tag!
|
MARC
| LEADER | 00000naa a2200000 4500 | ||
|---|---|---|---|
| 001 | r034736 | ||
| 005 | 20230925114721.3 | ||
| 041 | 0 | |a slo | |
| 044 | |a SK | ||
| 245 | 1 | 0 | |a Škody protiprávneho konania strán v spore o SVD G-N |c Miroslav Liška |
| 520 | |a Právny spor o plnenie Zmluvy o výstavbe a prevádzke Sústavy vodných diel Gabčíkovo-Nagymaros (SVD G-N) bol vyriešený rozsudkom Medzinárodného súdneho dvora v Haagu v r. 1997. Výsledky rozsudku: legálnosť výstavby a prevádzky Variantu C, povinnosť vzájomnej náhrady škôd. | ||
| 610 | 2 | 0 | |a diela vodné |
| 610 | 2 | 0 | |a výstavba investičná |
| 610 | 2 | 0 | |a Slovensko |
| 610 | 2 | 0 | |a Maďarsko |
| 610 | 2 | 0 | |a výroba energie |
| 610 | 2 | 0 | |a škody |
| 610 | 2 | 0 | |a elektrárne vodné |
| 610 | 2 | 0 | |a Gabčíkovo-Nagymaros |
| 610 | 2 | 0 | |a vzťahy hospodárske medzinárodné |
| 610 | 2 | 0 | |a legislatíva |
| 100 | 1 | |a Liška, Miroslav | |